| 000 | 00609nam a22002177a 4500 | ||
|---|---|---|---|
| 003 | UA-OsUOA | ||
| 001 | 137713 | ||
| 007 | ta | ||
| 008 | 20190610b un ||||| |||| 00| 0 ukr d | ||
| 100 | _aЮрчук Л. П. | ||
| 090 |
_a004 _bЮ83 |
||
| 942 | _cSA | ||
| 040 |
_aUA-OsUOA _bukr _cUA-OsUOA _dUA-OsUOA |
||
| 245 | _aКібербезпека в країнах Азії | ||
| 300 | _aС.29-31 | ||
| 955 | _a0 | ||
| 041 | _aukr | ||
| 080 | _a004 | ||
| 773 | 0 |
_w137710 _tБизнес и безопасность _dК. _d2019 _g3 |
|
| 650 | 7 |
_a00 Загальні питання науки і культури _2UDC |
|
| 999 |
_c421522 _d421522 |
||